Wszystkie Miasta Polski cz.1 A-M - Statystyki

Ogólne statystyki
  • Ten quiz został rozwiązany 1 438 razy
    681 od ostatniego zresetowania
  • Średni wynik to 196 z 488
Statystyki odpowiedzi
Pierwsza Litera Odpowiedź % Poprawnych
A Augustów
81%
K Kraków
79%
B Białystok
78%
G Gdańsk
77%
L Lublin
77%
B Bydgoszcz
76%
G Gdynia
76%
K Katowice
76%
K Koło
75%
E Elbląg
73%
E Ełk
73%
C Częstochowa
72%
B Biała
71%
B Bielsko - Biała
71%
B Bytom
71%
Ł Łódź
71%
L Lubin
71%
F Frombork
69%
G Gorzów Wielkopolski
69%
K Kielce
69%
D Dąbrowa Górnicza
68%
A Andrychów
67%
B Biała Podlaska
67%
H Hel
67%
I Iława
67%
K Kalisz
67%
K Kołobrzeg
67%
C Ciechanów
66%
J Jawor
66%
G Gliwice
65%
K Konin
65%
K Koszalin
65%
I Inowrocław
64%
A Aleksandrów Łódzki
63%
B Brzeg
63%
C Chełm
63%
J Jaworzno
63%
A Aleksandrów Kujawski
62%
B Bolesławiec
62%
K Krosno
62%
M Malbork
62%
B Będzin
61%
B Bytów
61%
C Chorzów
61%
C Cieszyn
61%
J Jarosław
61%
B Bełchatów
60%
G Gniezno
60%
J Jastarnia
60%
J Jelenia Góra
60%
B Bielsk Podlaski
59%
B Bochnia
59%
G Głogów
59%
G Grudziądz
59%
H Hrubieszów
59%
J Jasło
59%
H Hajnówka
57%
J Jastrzębie - Zdrój
57%
L Legnica
57%
L Leszno
57%
M Mrągowo
57%
M Mysłowice
57%
C Chojnice
56%
C Ciechocinek
56%
D Darłowo
56%
G Giżycko
55%
J Jędrzejów
55%
K Kutno
55%
L Lębork
55%
L Limanowa
55%
M Mielec
55%
M Myślenice
55%
A Annopol
54%
B Bartoszyce
54%
D Dębica
54%
G Garwolin
54%
G Góra
54%
Ł Łeba
54%
B Busko - Zdrój
53%
C Człuchów
53%
G Grodzisk Mazowiecki
53%
K Kętrzyn
53%
K Kłodzko
53%
K Kostrzyn
53%
K Krynica Morska
53%
L Legionowo
53%
Ł Łomża
53%
Ł Łowicz
53%
M Mielno
53%
B Biłgoraj
52%
B Brzesko
52%
C Czeladź
52%
K Kamień Pomorski
52%
K Kudowa - Zdrój
52%
K Kwidzyn
52%
L Lidzbark
52%
M Mińsk Mazowiecki
52%
C Chełmno
51%
C Chrzanów
51%
D Dęblin
51%
G Gorlice
51%
K Kędzierzyn - Koźle
51%
K Kościerzyna
51%
K Krynica - Zdrój
51%
Ł Łask
51%
L Lubliniec
51%
Ł Łuków
51%
M Międzyzdroje
51%
M Myszków
51%
D Dąbrowa Tarnowska
50%
G Gostyń
50%
J Jarocin
50%
K Kartuzy
50%
K Knurów
50%
K Kostrzyn Nad Odrą
50%
L Luboń
50%
M Mikołajki
50%
A Alwernia
49%
B Bogatynia
49%
C Czechowice - Dziedzice
49%
G Grójec
49%
I Imielin
49%
K Krasnystaw
49%
Ł Łęczna
49%
B Buk
48%
K Kluczbork
48%
K Końskie
48%
K Kraśnik
48%
L Lubartów
48%
M Mikołów
48%
M Mława
48%
B Białobrzegi
47%
B Białogard
47%
B Braniewo
47%
B Brodnica
47%
C Cedynia
47%
C Czarnków
47%
D Działdowo
47%
D Dziwnów
47%
G Gołdap
47%
G Gostynin
47%
G Gubin
47%
H Halinów
47%
I Iłża
47%
K Karpacz
47%
L Lidzbark Warmiński
47%
L Lipsk
47%
L Lubań
47%
M Marki
47%
M Międzyrzecz
47%
D Dobre Miasto
46%
G Goleniów
46%
G Góra Kalwaria
46%
G Grodzisk Wielkopolski
46%
G Gryfino
46%
K Kazimierz Dolny
46%
K Krotoszyn
46%
B Barlinek
45%
B Bielawa
45%
C Chełmża
45%
D Dzierżoniów
45%
F Frampol
45%
G Grajewo
45%
G Gryfice
45%
Ł Łęczyca
45%
L Lipno
45%
M Maków Mazowiecki
45%
C Czersk
44%
D Dębno
44%
J Józefów
44%
K Kępno
44%
K Kęty
44%
K Kłodawa
44%
K Kolno
44%
K Konstancin - Jeziorna
44%
K Kościan
44%
Ł Łomianki
44%
M Maków Podhalański
44%
M Miastko
44%
M Morąg
44%
B Bardo
43%
B Bieruń
43%
B Brzeg Dolny
43%
C Chełmek
43%
C Choroszcz
43%
G Gniew
43%
G Gorzów Śląski
43%
I Iwonicz - Zdrój
43%
J Janów Lubelski
43%
K Kłobuck
43%
K Kozienice
43%
Ł Łapy
43%
M Muszyna
43%
M Myślibórz
43%
G Głuchołazy
42%
K Krzeszowice
42%
L Leżajsk
42%
Ł Łosice
42%
M Miechów
42%
B Biała Rawska
41%
B Biskupiec
41%
C Choszczno
41%
C Czarna Białostocka
41%
C Czarne
41%
D Dąbrowa Białostocka
41%
D Dobra
41%
G Głubczyce
41%
G Golub - Dobrzyń
41%
J Jordanów
41%
K Kamienna Góra
41%
K Kobyłka
41%
L Lwówek
41%
M Międzyrzec Podlaski
41%
B Błonie
40%
B Brwinów
40%
B Brzeziny
40%
Ć Ćmielów
40%
C Czarny Dunajec
40%
D Drawsko Pomorskie
40%
K Kazimierza Wielka
40%
K Krosno Odrzańskie
40%
L Lądek - Zdrój
40%
L Lubawa
40%
B Babimost
39%
B Brzozów
39%
B Bystrzyca Kłodzka
39%
B Bytom Odrzański
39%
D Duszniki - Zdrój
39%
G Grybów
39%
K Kąty Wrocławskie
39%
K Koniecpol
39%
K Konstantynów Łódzki
39%
K Koszyce
39%
K Kowal
39%
K Koziegłowy
39%
K Krapkowice
39%
K Krzyż Wielkopolski
39%
L Lesko
39%
M Milanówek
39%
M Mogilno
39%
B Biała Piska
38%
B Brześć Kujawski
38%
C Chodzież
38%
C Czarna Woda
38%
I Izbica
38%
K Kalisz Pomorski
38%
Ł Łazy
38%
L Lipsko
38%
L Lubaczów
38%
M Międzychód
38%
M Mońki
38%
B Barczewo
37%
B Biały Bór
37%
B Biecz
37%
B Bobowa
37%
B Bolków
37%
B Borek Wielkopolski
37%
C Chojnów
37%
C Ciechanowiec
37%
D Dobczyce
37%
G Głogów Małopolski
37%
L Libiąż
37%
L Lwówek Śląski
37%
M Międzylesie
37%
M Milicz
37%
B Baborów
36%
B Bukowno
36%
G Głogówek
36%
I Iłowa
36%
J Jastrząb
36%
B Baranów Sandomierski
35%
B Blachownia
35%
B Boguchwała
35%
C Chęciny
35%
G Gąbin
35%
G Gryfów Śląski
35%
I Izbica Kujawska
35%
J Jasień
35%
J Jaworzyna Śląska
35%
J Józefów Nad Wisłą
35%
K Kalety
35%
K Kalwaria Zebrzydowska
35%
K Kamień Krajeński
35%
K Kórnik
35%
K Książ Wielki
35%
Ł Łańcut
35%
M Miasteczko Śląskie
35%
M Międzybórz
35%
M Mrozy
35%
M Mszana Dolna
35%
B Bychawa
34%
C Czerwińsk Nad Wisłą
34%
D Dąbie
34%
D Drezdenko
34%
J Jedlnia - Letnisko
34%
J Jelcz - Laskowice
34%
J Jeziorany
34%
K Kamionka
34%
K Kock
34%
K Koronowo
34%
C Chojna
33%
C Czaplinek
33%
D Dynów
33%
G Gogolin
33%
K Kamieńsk
33%
L Leśna
33%
M Mordy
33%
B Brzeszcze
32%
C Czerwionka - Leszczyny
32%
D Działoszyn
32%
D Dzierzgoń
32%
J Jabłonowo Pomorskie
32%
J Jadów
32%
J Jedlina - Zdrój
32%
K Kolbuszowa
32%
K Kowary
32%
K Krasnobród
32%
Ł Łaziska Górne
32%
L Leśnica
32%
Ł Łochów
32%
L Lubawka
32%
L Lubsko
32%
M Miejska Górka
32%
M Myszyniec
32%
B Bełżyce
31%
B Bodzentyn
31%
B Boguszów - Gorce
31%
B Bojanowo
31%
B Brusy
31%
B Brzostek
31%
C Ciężkowice
31%
C Czchów
31%
C Czyżew
31%
D Drohiczyn
31%
D Dukla
31%
D Działoszyce
31%
G Glinojeck
31%
G Gniewkowo
31%
I Ińsko
31%
J Janikowo
31%
J Jedlicze
31%
K Kaczory
31%
K Karczew
31%
K Koluszki
31%
K Kruszwica
31%
K Książ Wielkopolski
31%
M Małogoszcz
31%
M Miłosław
31%
M Mosina
31%
M Mszczonów
31%
M Murowana Goślina
31%
C Chocz
30%
C Chorzele
30%
D Dąbrowice
30%
D Daleszyce
30%
D Debrzno
30%
D Drobin
30%
K Kałuszyn
30%
K Karlino
30%
K Kowalewo Pomorskie
30%
Ł Łagów
30%
Ł Łaskarzew
30%
M Michałowo
30%
M Mogielnica
30%
B Bierutów
29%
B Bieżuń
29%
B Bisztynek
29%
B Bodzanów
29%
B Brańsk
29%
B Brok
29%
C Cegłów
29%
C Cieszanów
29%
C Czerniejewo
29%
D Dobrzyca
29%
G Głowno
29%
K Kamieniec Ząbkowicki
29%
K Kępice
29%
Ł Łabiszyn
29%
L Lędziny
29%
Ł Łobez
29%
L Lubycza Królewska
29%
B Barcin
28%
B Błażowa
28%
B Borne Sulinowo
28%
G Goniądz
28%
J Jeżów
28%
K Klimontów
28%
K Kobylin
28%
K Kożuchów
28%
K Krzepice
28%
Ł Łopuszno
28%
M Miasteczko Krajeńskie
28%
M Mirosławiec
28%
M Mrocza
28%
B Barwice
27%
B Bobolice
27%
D Dobiegniew
27%
D Dubiecko
27%
G Gościno
27%
J Janowiec Wielkopolski
27%
J Jastrowie
27%
J Jedwabne
27%
K Kleczew
27%
K Koźminek
27%
K Koźmin Wielkopolski
27%
L Latowicz
27%
L Lewin Brzeski
27%
L Lubień Kujawski
27%
M Miłomłyn
27%
B Bolimów
26%
B Byczyna
26%
C Chmielnik
26%
C Czerwieńsk
26%
D Dobrzyń Nad Wisłą
26%
K Kietrz
26%
K Kosów Lacki
26%
L Lubomierz
26%
C Czempiń
25%
D Drawno
25%
K Kańczuga
25%
K Kisielice
25%
K Kłecko
25%
K Knyszyn
25%
K Koprzywnica
25%
K Krajenka
25%
K Krośniewice
25%
K Kunów
25%
K Kuźnia Raciborska
25%
L Lubowidz
25%
L Lututów
25%
M Morawica
25%
B Błaszki
24%
B Budzyń
24%
C Chocianów
24%
C Chodecz
24%
C Człopa
24%
D Dobrodzień
24%
G Gołańcz
24%
G Golczewo
24%
G Grodków
24%
I Iwaniska
24%
K Kcynia
24%
K Korsze
24%
K Krynki
24%
L Lubniewice
24%
L Lubraniec
24%
M Miłakowo
24%
M Mirsk
24%
M Młynary
24%
C Chociwel
23%
D Dobrzany
23%
G Głuszyca
23%
G Górowo Iławeckie
23%
G Górzno
23%
G Grabów Nad Prosną
23%
J Jaraczewo
23%
J Jutrosin
23%
K Kargowa
23%
L Lipiany
23%
M Miękinia
23%
C Cybinka
22%
D Drzewica
22%
G Golina
22%
G Goraj
22%
K Kolonowskie
22%
K Korfantów
22%
K Krzanowice
22%
Ł Łasin
22%
Ł Łaszczów
22%
Ł Łęknica
22%
L Lutomiersk
22%
M Modliborzyce
22%
K Kleszczele
21%
K Kołaczyce
21%
K Krobia
21%
Ł Łobżenica
21%
M Mieroszów
21%
G Gozdnica
20%
M Małomice
20%
M Mikstat
20%
K Krzywiń
19%
M Margonin
19%
D Dolsk
18%
M Maszewo
18%
M Mieszkowice
17%
M Moryń
17%
Nie znaleziono quizów pasujących do podanych kryteriów
Rozkład punktacji
Procent ludzi z każdym wynikiem
Percentyl według liczby udzielonych odpowiedzi
Twoja historia wyników
Nie rozwiązałeś tego quizu od ostatniego zresetowania